01894pam a2200301 i 45000010008000000030006000080050017000140080041000310100017000720200018000890350017001070400049001240410008001730420008001810500020001890900024002091000034002332450073002672600055003403000046003955040069004415200912005106500027014226500028014499420008014779520092014859990015015776378553CaAEU20251029120424.0130411s2014 nyua b 001 0 eng  a 2013013774 a9780521184793 aocn869919142 aDLCbengerdacDLCdOCLCOdOCLCQdYDXCPdAEU aeng apcc00aN71b.M285 2014 aN 71 M285 2014bAEU aMather, George926349eauthor14aThe psychology of visual artb: eye, brain and artc/ George Mather. aNew York, NY :bCambridge University Press,c2014. axix, 195 pages :billustrations ;c25 cm. aIncludes bibliographical references (pages [179]-190) and index. aWhat can art tell us about how the brain works? And what can the brain tell us about how we perceive and create art? Humans have created visual art throughout history and its significance has been an endless source of fascination and debate. Visual art is a product of the human brain, but is art so complex and sophisticated that brain function and evolution are not relevant to our understanding? This book explores the links between visual art and the brain by examining a broad range of issues including: the impact of eye and brain disorders on artistic output; the relevance of Darwinian principles to aesthetics; and the constraints imposed by brain processes on the perception of space, motion and colour in art. Arguments and theories are presented in an accessible manner and general principles are illustrated with specific art examples, helping students to apply their knowledge to new artworks. 0aArtxPsychology926350 0aVisual perception97326 2lcc 00102lcc4070aTBSbTBSd2025-10-29l0oN71 MATpB05685r2025-10-29t1w2025-10-29y1 c5114d5114